[Event "Sabaneta op-B 1st"]
[Site "Sabaneta"]
[Date "2022.11.29"]
[Round "6"]
[White "Montoya Molina, Juan Esteban"]
[Black "Perez Tangarife, Simon"]
[Result "0-1"]
[WhiteElo "1706"]
[BlackElo "1448"]
[PlyCount "116"]
[EventDate "2022.11.25"]
[EventType "swiss"]
[EventRounds "8"]
[EventCountry "COL"]
[SourceTitle "CBM 211 Extra"]
[Source "ChessBase"]
[SourceDate "2023.01.31"]
[SourceVersion "1"]
[SourceVersionDate "2023.01.31"]
[SourceQuality "1"]

1. e4 Nf6 2. e5 Nd5 3. d4 d6 4. Nf3 Bg4 5. Be2 Nc6 6. 0-0 e6 7. c3 Be7 8. Nbd2 0-0 9. Re1 dxe5 10. Nxe5 Nxe5 11. Bxg4 Nd3 12. Rf1 Bd6 13. Ne4 Nxc1 14. Nxd6 Qxd6 15. Rxc1 f5 16. Bf3 Rf6 17. Qe2 Raf8 18. Rfe1 Nf4 19. Qe5 Nd3 20. Qb5 Nxc1 21. Rxc1 Rh6 22. g3 f4 23. Qxb7 fxg3 24. fxg3 Rhf6 25. Bg2 h5 26. Qe4 Rf2 27. Rc2 Rxc2 28. Qxc2 c5 29. dxc5 Qxc5+ 30. Kh1 Qe3 31. h3 Qxg3 32. Qe4 e5 33. c4 Rd8 34. Qc2 e4 35. Qe2 h4 36. b4 g6 37. a4 e3 38. Bd5+ Kh7 39. Qf1 Qe5 40. Qf7+ Kh6 41. Bf3 Qa1+ 42. Kh2 Rd2+ 43. Bg2 Qe5+ 44. Kg1 Rd1+ 45. Bf1 Qg3+ 46. Kh1 Qxh3+ 47. Kg1 Qxf1+ 48. Qxf1 Rxf1+ 49. Kxf1 h3 50. c5 h2 51. Ke2 h1Q 52. Kxe3 Qd5 53. a5 a6 54. Kf4 g5+ 55. Ke3 Qb3+ 56. Kd4 Qxb4+ 57. Kd5 Qxa5 58. Kd6 Qxc5+ 0-1

[Event "Sabaneta op-B 1st"]
[Site "Sabaneta"]
[Date "2022.11.27"]
[Round "3"]
[White "Luna Monsalve, Sofia"]
[Black "Montoya Molina, Juan Esteban"]
[Result "0-1"]
[WhiteElo "1431"]
[BlackElo "1706"]
[PlyCount "114"]
[EventDate "2022.11.25"]
[EventType "swiss"]
[EventRounds "8"]
[EventCountry "COL"]
[SourceTitle "CBM 211 Extra"]
[Source "ChessBase"]
[SourceDate "2023.01.31"]
[SourceVersion "1"]
[SourceVersionDate "2023.01.31"]
[SourceQuality "1"]

1. d4 d5 2. c4 c6 3. cxd5 cxd5 4. Nc3 Nf6 5. Bf4 Qb6 6. Qc2 Nc6 7. e3 g6 8. Bb5 Bf5 9. Qe2 a6 10. Ba4 Bg7 11. Nf3 0-0 12. h3 Ne4 13. 0-0 Nxc3 14. bxc3 Qa5 15. Bxc6 bxc6 16. Rfc1 c5 17. Nd2 c4 18. e4 Bxe4 19. Nxe4 dxe4 20. Qxc4 Rac8 21. Qb3 Rc6 22. Rab1 Rfc8 23. Be3 h6 24. c4 Qc7 25. c5 e6 26. Qb7 Kf8 27. Qxc7 R8xc7 28. Rb8+ Ke7 29. Rg8 Bf6 30. Bf4 Rc8 31. Rxc8 Rxc8 32. Bd6+ Kd7 33. Rc4 Kc6 34. Rb4 Kd5 35. Ra4 Rc6 36. Kf1 Bxd4 37. Ke2 Bxc5 38. Bxc5 Kxc5 39. Rxe4 f5 40. Rh4 h5 41. Rf4 Kd5 42. Kd3 e5 43. Rb4 e4+ 44. Ke3 g5 45. g3 Rc3+ 46. Kd2 Ra3 47. Rb2 a5 48. Kc2 Kc4 49. Kb1 Rf3 50. Kc1 f4 51. gxf4 gxf4 52. h4 Rh3 53. Rb8 Rxh4 54. Rc8+ Kd3 55. Rd8+ Ke2 56. Rd2+ Kf3 57. Kb2 Rh2 0-1

[Event "Sabaneta op-B 1st"]
[Site "Sabaneta"]
[Date "2022.11.25"]
[Round "1"]
[White "Toro Ochoa, Carlos Arturo"]
[Black "Montoya Molina, Juan Esteban"]
[Result "1-0"]
[WhiteElo "1600"]
[BlackElo "1706"]
[PlyCount "55"]
[EventDate "2022.11.25"]
[EventType "swiss"]
[EventRounds "8"]
[EventCountry "COL"]
[SourceTitle "CBM 211 Extra"]
[Source "ChessBase"]
[SourceDate "2023.01.31"]
[SourceVersion "1"]
[SourceVersionDate "2023.01.31"]
[SourceQuality "1"]

1. e4 c5 2. d4 cxd4 3. c3 dxc3 4. Nxc3 e5 5. Nf3 d6 6. Bc4 Be7 7. Qb3 Be6 8. Bxe6 fxe6 9. Qxb7 Nd7 10. 0-0 Ngf6 11. Rd1 0-0 12. Be3 Rb8 13. Qxa7 Rxb2 14. Rab1 Rxb1 15. Rxb1 Ng4 16. Rb7 Ngf6 17. Ng5 Qc8 18. Rc7 Qb8 19. Nxe6 Qxa7 20. Rxa7 Rc8 21. Nc7 Nc5 22. f3 Bf8 23. a4 Rb8 24. N3b5 Kf7 25. Bxc5 dxc5 26. Na6+ Ke6 27. Nxb8 c4 28. Ra6+ 1-0

[Event "Cali Masificacion op U2050"]
[Site "Cali"]
[Date "2021.12.29"]
[Round "6"]
[White "Vallejo, Jose Luis"]
[Black "Montoya Molina, Juan Esteban"]
[Result "1-0"]
[WhiteElo "1578"]
[BlackElo "1701"]
[PlyCount "67"]
[EventDate "2021.12.26"]
[EventType "swiss"]
[EventRounds "7"]
[EventCountry "COL"]
[SourceTitle "CBM 205 Extra"]
[Source "ChessBase"]
[SourceDate "2022.01.31"]
[SourceVersion "1"]
[SourceVersionDate "2022.01.31"]
[SourceQuality "1"]

1. e4 c5 2. Nf3 d6 3. d4 cxd4 4. Nxd4 Nf6 5. Nc3 a6 6. Be2 e6 7. Rg1 Qc7 8. Be3 Nc6 9. g4 h6 10. f4 Be7 11. Qd2 Bd7 12. 0-0-0 0-0-0 13. Bf3 Kb8 14. Kb1 Rc8 15. g5 hxg5 16. fxg5 Nh5 17. Nxc6+ Bxc6 18. g6 Nf6 19. gxf7 Bf8 20. Qd4 Qxf7 21. Rdf1 b5 22. e5 dxe5 23. Qxe5+ Qc7 24. Qxe6 Bxf3 25. Rxf3 Bd6 26. Rxg7 Qxg7 27. Qxd6+ Qc7 28. Rxf6 Qxd6 29. Rxd6 Rce8 30. Bf4 Kb7 31. a3 Rh7 32. Nd5 Re1+ 33. Ka2 Re8 34. Nf6 1-0

[Event "Pereira op-B"]
[Site "Pereira"]
[Date "2021.02.28"]
[Round "6"]
[White "Gonzalez, Walter1111"]
[Black "Montoya Molina, Juan Esteban"]
[Result "1-0"]
[WhiteElo "1909"]
[BlackElo "1721"]
[PlyCount "87"]
[EventDate "2021.02.25"]
[EventType "swiss"]
[EventRounds "7"]
[EventCountry "COL"]
[SourceTitle "EXT 2022"]
[Source "ChessBase"]
[SourceDate "2021.10.06"]
[SourceVersion "1"]
[SourceVersionDate "2021.10.06"]
[SourceQuality "1"]

1. Nc3 d5 2. e3 e5 3. Qh5 Nc6 4. Bb5 Qd6 5. Nf3 e4 6. Qe5+ Qxe5 7. Nxe5 Nge7 8. Nxd5 Nxd5 9. Nxc6 Bd7 10. Nd4 c5 11. Bxd7+ Kxd7 12. Nb5 Nb4 13. Kd1 g6 14. Nc3 f5 15. a3 Nc6 16. d3 Re8 17. dxe4 fxe4 18. Ke2 Bg7 19. Rd1+ Kc7 20. Rd5 Bxc3 21. bxc3 b6 22. f3 Rhf8 23. Bd2 exf3+ 24. gxf3 Ne5 25. Rf1 Rf7 26. e4 Nc4 27. Bc1 Nd6 28. Rg1 Kc6 29. Rdg5 c4 30. h4 Ref8 31. R1g3 Nb7 32. a4 Rd8 33. Be3 Nc5 34. Bxc5 bxc5 35. h5 gxh5 36. Rxh5 Rfd7 37. Rgg5 Rd2+ 38. Ke3 Rxc2 39. Rxc5+ Kb6 40. a5+ Kb7 41. Rxh7+ Ka6 42. Rh6+ Kb7 43. a6+ Kb8 44. Rxc4 1-0

[Event "Pereira Risaraldense Cup-C"]
[Site "Pereira"]
[Date "2021.01.23"]
[Round "7"]
[White "Montoya Molina, Juan Esteban"]
[Black "Gonzalez, Luis Enrique"]
[Result "1-0"]
[WhiteElo "1731"]
[BlackElo "1872"]
[PlyCount "92"]
[EventDate "2021.01.20"]
[EventType "tourn"]
[EventRounds "9"]
[EventCountry "COL"]
[SourceTitle "CBM 200 Extra"]
[Source "ChessBase"]
[SourceDate "2021.03.31"]
[SourceVersion "1"]
[SourceVersionDate "2021.03.31"]
[SourceQuality "1"]

1. e4 c6 2. Nf3 d5 3. Nc3 Bg4 4. d4 Nf6 5. e5 Ne4 6. h3 Nxc3 7. bxc3 Bxf3 8. Qxf3 e6 9. Bd3 a6 10. a4 c5 11. Rb1 c4 12. Rxb7 Nd7 13. Bxc4 dxc4 14. Rxd7 Kxd7 15. Qb7+ Qc7 16. Qxa8 Qc6 17. Qa7+ Kc8 18. 0-0 Qb7 19. Qxb7+ Kxb7 20. f4 g6 21. g4 Rg8 22. Rd1 Kc6 23. Be3 Ba3 24. Rb1 Kd5 25. Kf2 Ke4 26. Rb7 h5 27. d5 hxg4 28. hxg4 Kxd5 29. Rxf7 g5 30. Rd7+ Kc6 31. Rd4 gxf4 32. Rxc4+ Kd5 33. Rxf4 Kxe5 34. Kf3 Rc8 35. Re4+ Kd5 36. Rd4+ Ke5 37. Re4+ Kd5 38. Bd4 Bd6 39. Bf6 e5 40. c4+ Ke6 41. Bg5 Rb8 42. Bc1 Rb1 43. Be3 Rf1+ 44. Ke2 Rh1 45. c5 Bc7 46. Rb4 Kd5 1-0

[Event "Pereira Risaraldense Cup-C"]
[Site "Pereira"]
[Date "2021.01.22"]
[Round "4"]
[White "Soto Ramirez, Andres Camilo"]
[Black "Montoya Molina, Juan Esteban"]
[Result "0-1"]
[WhiteElo "1195"]
[BlackElo "1731"]
[PlyCount "58"]
[EventDate "2021.01.20"]
[EventType "tourn"]
[EventRounds "9"]
[EventCountry "COL"]
[SourceTitle "CBM 200 Extra"]
[Source "ChessBase"]
[SourceDate "2021.03.31"]
[SourceVersion "1"]
[SourceVersionDate "2021.03.31"]
[SourceQuality "1"]

1. e4 c5 2. Nf3 d6 3. d4 cxd4 4. Nxd4 Nf6 5. Nc3 a6 6. Bc4 b5 7. Bb3 e6 8. Qf3 Qc7 9. e5 Bb7 10. exd6 Bxd6 11. Ndxb5 axb5 12. Qd3 Bb4 13. Qxb5+ Nc6 14. 0-0 Bxc3 15. bxc3 0-0 16. Bb2 Ba6 17. Qg5 Bxf1 18. c4 Ra5 19. Qe3 Bxg2 20. Kxg2 Ng4 21. Qh3 Rg5 22. Rh1 Nxh2+ 23. Qg3 Rxg3+ 24. fxg3 Ng4 25. Rh5 Ne3+ 26. Kf3 Nf5 27. Rg5 Ne5+ 28. Kg2 Qc6+ 29. Kh3 Qh1# 0-1

[Event "COL-ch U2000"]
[Site "Pereira"]
[Date "2019.03.25"]
[Round "9"]
[White "Montoya Molina, Juan Esteban"]
[Black "Guzman, River"]
[Result "1/2-1/2"]
[WhiteElo "1752"]
[BlackElo "1837"]
[PlyCount "63"]
[EventDate "2019.03.21"]
[EventType "swiss"]
[EventRounds "9"]
[EventCountry "COL"]
[SourceTitle "CBM 189 Extra"]
[Source "ChessBase"]
[SourceDate "2019.06.03"]
[SourceVersion "1"]
[SourceVersionDate "2019.06.03"]
[SourceQuality "1"]

1. e4 c5 2. Nf3 a6 3. d4 cxd4 4. Nxd4 Nf6 5. f3 e6 6. Be3 d6 7. Bc4 Be7 8. Nc3 Qc7 9. Bb3 0-0 10. Qd2 Nc6 11. 0-0-0 Na5 12. Rdg1 Nd7 13. g4 Ne5 14. Qf2 Nec4 15. h4 Nxe3 16. Qxe3 Nc4 17. Bxc4 Qxc4 18. f4 b5 19. a3 Bb7 20. g5 d5 21. exd5 Bc5 22. Rd1 exd5 23. Kb1 Rfe8 24. Qd2 b4 25. axb4 Bxb4 26. Rh3 a5 27. Qd3 Qxd3 28. Rhxd3 Rac8 29. Nf5 Bxc3 30. Rxc3 Rxc3 31. bxc3 Bc6 32. Nd4 1/2-1/2

[Event "COL-ch U2000"]
[Site "Pereira"]
[Date "2019.03.22"]
[Round "2"]
[White "Montoya Molina, Juan Esteban"]
[Black "Gomez Guardo, Laura Melissa"]
[Result "0-1"]
[WhiteElo "1752"]
[BlackElo "1850"]
[PlyCount "77"]
[EventDate "2019.03.21"]
[EventType "swiss"]
[EventRounds "9"]
[EventCountry "COL"]
[SourceTitle "CBM 189 Extra"]
[Source "ChessBase"]
[SourceDate "2019.06.03"]
[SourceVersion "1"]
[SourceVersionDate "2019.06.03"]
[SourceQuality "1"]

1. e4 b6 2. d4 e6 3. Nf3 Bb7 4. Nc3 Bb4 5. Bd3 Ne7 6. 0-0 0-0 7. Ne2 Ng6 8. c3 Be7 9. Ng3 d6 10. Re1 e5 11. d5 Nd7 12. Nf5 Bf6 13. Be3 Nc5 14. Bc2 a5 15. b4 Nd7 16. Qd2 Kh8 17. a3 Ne7 18. Ng3 Ng6 19. Nf5 Ne7 20. Ng3 Ng6 21. Nh5 Qe7 22. Ba4 Rg8 23. Bxd7 Qxd7 24. Ng3 Bc8 25. Nf5 Qd8 26. Ng3 Be7 27. Ng5 Qf8 28. Qe2 Bxg5 29. Bxg5 f6 30. Be3 Ne7 31. Qc4 Qd8 32. f4 exf4 33. Bxf4 Ng6 34. Qf1 Rf8 35. Be3 Ne5 36. Bd4 Bd7 37. Re2 Bb5 38. Qf2 Bxe2 39. Nxe2 0-1

[Event "COL-ch"]
[Site "Bogota"]
[Date "2018.11.08"]
[Round "4"]
[White "Montoya Molina, Juan Esteban"]
[Black "Pai, Juan David"]
[Result "0-1"]
[WhiteElo "1601"]
[BlackElo "2023"]
[PlyCount "82"]
[EventDate "2018.11.06"]
[EventType "swiss"]
[EventRounds "9"]
[EventCountry "COL"]
[SourceTitle "CBM 187 Extra"]
[Source "ChessBase"]
[SourceDate "2018.11.04"]
[SourceVersion "1"]
[SourceVersionDate "2018.11.04"]
[SourceQuality "1"]

1. e4 c5 2. Nf3 e6 3. d4 cxd4 4. Nxd4 a6 5. Nc3 Qc7 6. Bg5 Bb4 7. Qf3 Qe5 8. Qe3 Nf6 9. f3 Nc6 10. Nxc6 bxc6 11. Bxf6 gxf6 12. a3 Bc5 13. Qd2 Rb8 14. 0-0-0 d5 15. f4 Qd6 16. Bc4 0-0 17. b4 Ba7 18. Rhe1 Bb7 19. exd5 cxd5 20. g4 Rfc8 21. Bb3 d4 22. Ne2 Bf3 23. Rf1 Bxe2 24. Qxe2 Rc3 25. f5 e5 26. g5 fxg5 27. Qh5 Qf6 28. Rg1 h6 29. h4 Rbc8 30. hxg5 hxg5 31. Qxg5+ Qxg5+ 32. Rxg5+ Kf8 33. Rh1 Ke7 34. Kd2 Kf6 35. Rhg1 d3 36. Rg7 Bxg1 37. Rxf7+ Kg5 38. Rg7+ Kxf5 39. Rxg1 dxc2 40. Rf1+ Ke4 41. Re1+ Kd4 0-1

[Event "COL-ch"]
[Site "Bogota"]
[Date "2018.11.07"]
[Round "3"]
[White "Montoya Molina, Juan Esteban"]
[Black "Nino Penaloza, Cesar Gerardo"]
[Result "1-0"]
[WhiteElo "1601"]
[BlackElo "1941"]
[PlyCount "141"]
[EventDate "2018.11.06"]
[EventType "swiss"]
[EventRounds "9"]
[EventCountry "COL"]
[SourceTitle "CBM 187 Extra"]
[Source "ChessBase"]
[SourceDate "2018.11.04"]
[SourceVersion "1"]
[SourceVersionDate "2018.11.04"]
[SourceQuality "1"]

1. e4 c5 2. Nf3 d6 3. d4 cxd4 4. Nxd4 Nf6 5. Nc3 a6 6. Bg5 e6 7. f4 Be7 8. Qf3 Qc7 9. 0-0-0 Nbd7 10. Bd3 b5 11. Rhe1 Bb7 12. Qg3 b4 13. Nd5 Nxd5 14. exd5 Bxd5 15. Bxe7 Kxe7 16. Nf5+ Kd8 17. Qg5+ f6 18. Qxg7 Re8 19. Qf7 Qc5 20. Ng7 Re7 21. Qg8+ Kc7 22. Qxh7 Kb7 23. Nxe6 Rxe6 24. Qxd7+ Qc7 25. Bxa6+ Rxa6 26. Qb5+ Ka7 27. Qxd5 Rxe1 28. Rxe1 Rc6 29. Qd4+ Ka6 30. Qd3+ Ka5 31. a3 bxa3 32. Qxa3+ Kb6 33. Qb4+ Ka7 34. c3 Qd8 35. Kc2 Ra6 36. Qd4+ Kb8 37. Qe4 d5 38. Qe8 Qxe8 39. Rxe8+ Kc7 40. f5 Ra1 41. Re7+ Kd8 42. Re6 Rg1 43. Rd6+ Kc7 44. Rxd5 Rxg2+ 45. Rd2 Rg5 46. Rf2 Rh5 47. Kd3 Kc6 48. Kc4 Rh4+ 49. Kb3 Kc5 50. Kc2 Rh3 51. b3 Kb5 52. Rf4 Rxh2+ 53. Kd3 Rb2 54. Rb4+ Kc5 55. Rb8 Rf2 56. Ke4 Re2+ 57. Kf3 Rc2 58. Rc8+ Kd5 59. c4+ Ke5 60. Rc5+ Kd4 61. Rd5+ Kc3 62. Rd6 Kxb3 63. Rxf6 Rxc4 64. Re6 Rc1 65. Ke4 Rf1 66. Ke5 Re1+ 67. Kd6 Rf1 68. f6 Kc4 69. Ke7 Kd5 70. f7 Rf2 71. Re1 1-0

[Event "Santiago de Cali op"]
[Site "Cali"]
[Date "2016.12.26"]
[Round "2"]
[White "Navia Alvarez, Edwin Adrian"]
[Black "Montoya Molina, Juan Esteban"]
[Result "1-0"]
[WhiteElo "2132"]
[BlackElo "1649"]
[PlyCount "28"]
[EventDate "2016.12.26"]
[EventType "swiss"]
[EventRounds "8"]
[EventCountry "COL"]
[SourceTitle "EXT 2018"]
[Source "ChessBase"]
[SourceDate "2017.10.13"]
[SourceVersion "1"]
[SourceVersionDate "2017.10.13"]
[SourceQuality "1"]

1. e4 c5 2. Nf3 d6 3. d4 cxd4 4. Nxd4 Nf6 5. Nc3 a6 6. Be3 g6 7. f3 Bg7 8. Qd2 0-0 9. 0-0-0 Nc6 10. g4 Ne5 11. h4 h5 12. g5 Nfd7 13. f4 Ng4 14. Bg1 Nc5 1-0

[Event "COL-ch U16 m sf3"]
[Site "Pereira"]
[Date "2016.05.28"]
[Round "2.3"]
[White "Montoya Molina, Juan Esteban"]
[Black "Martinez, Cristian Camilo"]
[Result "0-1"]
[WhiteElo "1573"]
[BlackElo "1891"]
[PlyCount "82"]
[EventDate "2016.05.27"]
[EventType "swiss"]
[EventRounds "6"]
[EventCountry "COL"]
[SourceTitle "EXT 2024"]
[Source "ChessBase"]
[SourceDate "2023.10.10"]
[SourceVersion "1"]
[SourceVersionDate "2023.10.10"]
[SourceQuality "1"]

1. e4 c5 2. Nf3 e6 3. d4 cxd4 4. Nxd4 a6 5. Be3 Qc7 6. Nc3 Bb4 7. Qd2 Nf6 8. Bd3 d5 9. exd5 Nxd5 10. Nde2 0-0 11. 0-0 Nxe3 12. Qxe3 Nd7 13. Qg5 Bc5 14. Ng3 h6 15. Qh4 Nf6 16. Nce4 Nxe4 17. Qxe4 f5 18. Qc4 b5 19. Qc3 Bd6 20. Qxc7 Bxc7 21. Rfe1 e5 22. Rad1 e4 23. Be2 Be5 24. c3 Be6 25. a3 Rfd8 26. Bh5 Bxg3 27. hxg3 Bb3 28. Rb1 Kh7 29. Bd1 Bc4 30. Rc1 Rd2 31. Rc2 Rad8 32. Rxd2 Rxd2 33. g4 g6 34. gxf5 gxf5 35. Bh5 Rxb2 36. f3 Bd3 37. fxe4 fxe4 38. Ra1 Rb3 39. Bf7 Rxc3 40. Kf2 Bc4 41. Bxc4 Rxc4 0-1

[Event "Valle Region-ch U12"]
[Site "Ansermanuevo"]
[Date "2012.03.23"]
[Round "2.7"]
[White "Espitia, Juan Camilo"]
[Black "Montoya Molina, Juan Esteban"]
[Result "1-0"]
[WhiteElo "1406"]
[BlackElo "1400"]
[PlyCount "93"]
[EventDate "2012.03.23"]
[EventType "swiss"]
[EventRounds "7"]
[EventCountry "COL"]
[SourceTitle "EXT 2024"]
[Source "ChessBase"]
[SourceDate "2023.10.10"]
[SourceVersion "1"]
[SourceVersionDate "2023.10.10"]
[SourceQuality "1"]

1. e4 c5 2. Bc4 Nc6 3. Nf3 e5 4. d3 Nf6 5. Nc3 g6 6. Bg5 Bg7 7. Nd5 b6 8. Nd2 0-0 9. 0-0 Bb7 10. Qf3 Nd4 11. Qd1 h6 12. Bh4 g5 13. Bg3 a5 14. c3 Nxd5 15. exd5 Nf5 16. Ne4 Nxg3 17. Nxg3 Qf6 18. Nh5 Qg6 19. Bb3 Ba6 20. Bc2 c4 21. dxc4 Bxc4 22. Bxg6 Bxf1 23. Qxf1 fxg6 24. Ng3 h5 25. Ne4 d6 26. Nxd6 h4 27. Qc4 Rfd8 28. Nb7 Rdc8 29. Nc5 bxc5 30. d6+ Kf8 31. Rd1 Rd8 32. Qxc5 Ke8 33. Qc6+ Kf8 34. d7 Rab8 35. Qd6+ Kg8 36. Qd5+ Kh7 37. Qe6 Rxb2 38. Qe7 a4 39. g3 hxg3 40. hxg3 e4 41. Qxe4 Rxa2 42. f3 Bxc3 43. Qe7+ Kh6 44. Qxd8 Rb2 45. Qf8+ Kh5 46. d8Q Ba5 47. Qh8# 1-0